书目信息 |
| 题名: |
妇女生活大全
|
|
| 作者: | 张希玉 编著 | |
| 分册: | ||
| 出版信息: | 郑州 河南科学技术出版社 1993.3 |
|
| 页数: | 675页 | |
| 开本: | 20cm | |
| 丛书名: | ||
| 单 册: | ||
| 中图分类: | Z228 , Z2 | |
| 科图分类: | 92.29 | |
| 主题词: | 妇女-生活--手册 , 生活-妇女--手册 , 百科全书 | |
| 电子资源: | ||
| ISBN: | 7-5349-1111-7 | |
| 000 | 00829nam0 2200265 45 | |
| 001 | 1533209926 | |
| 005 | 20150127134823.40 | |
| 010 | @a7-5349-1111-7@dCNY9.50 | |
| 100 | @a19930826d1993 em y0chiy0121 ea | |
| 101 | 0 | @achi |
| 102 | @aCN@b410000 | |
| 105 | @af z 000yy | |
| 200 | 10 | @a妇女生活大全@AFU NV SHENG HUO DA QUAN@f张希玉等编著@FZHANG XI YU DENG BIAN ZHU |
| 210 | @a郑州@c河南科学技术出版社@d1993.3 | |
| 215 | @a675页@c照片@d20cm | |
| 330 | @a是为妇女编写的一部指导性读物。从女性一生的生理变化到家政管理、成才、保健、业余生活及法律咨询等帮助了解生活的各个方面。 | |
| 606 | @a妇女-生活@x手册 | |
| 606 | @a生活-妇女@x手册 | |
| 606 | 0 | @a百科全书 |
| 690 | @aZ228@v三版 | |
| 690 | @aZ2@v4 | |
| 692 | @a92.29 | |
| 701 | 0 | @a张希玉@AZHANG XI YU@4编著 |
| 801 | 0 | @aCN@bTSSF@c20150127 |
| 905 | @aZUCC@dZ2@eJY32 | |
| 妇女生活大全/张希玉等编著.-郑州:河南科学技术出版社,1993.3 |
| 675页:照片;20cm |
| ISBN 7-5349-1111-7:CNY9.50 |
| 是为妇女编写的一部指导性读物。从女性一生的生理变化到家政管理、成才、保健、业余生活及法律咨询等帮助了解生活的各个方面。 |
| ● |
| 相关链接 |
|
|
|
|
正题名:妇女生活大全
索取号:Z2/JY32
 
预约/预借
| 序号 | 登录号 | 条形码 | 馆藏地/架位号 | 状态 | 备注 |
| 1 | 7852319 | 278523199 | 学院路分馆/ [索取号:Z2/JY32] | 在馆 |